[Event "Regionalliga Sued-West 1718"]
[Site "Bayern"]
[Date "2017.11.26"]
[Round "3.8"]
[White "Weinberger, Wolfgang"]
[Black "Strobl, Helmut"]
[Result "1-0"]
[WhiteElo "1995"]
[BlackElo "1756"]
[PlyCount "51"]
[EventDate "2017.10.22"]
[EventType "team-tourn"]
[EventRounds "9"]
[EventCountry "GER"]
[SourceTitle "EXT 2022"]
[Source "ChessBase"]
[SourceDate "2021.10.06"]
[SourceVersion "1"]
[SourceVersionDate "2021.10.06"]
[SourceQuality "1"]
[WhiteTeam "Garching III"]
[BlackTeam "Mering"]
[WhiteTeamCountry "GER"]
[BlackTeamCountry "GER"]

1. d4 d5 2. c4 c6 3. cxd5 cxd5 4. Nc3 Nf6 5. Bg5 e6 6. Nf3 Be7 7. e3 Bd7 8. Bd3 Nc6 9. Rc1 0-0 10. 0-0 Ne8 11. Bxe7 Qxe7 12. Ne5 f5 13. f3 Nd6 14. Qb3 Rf6 15. Ne2 Raf8 16. Rc2 Be8 17. Qc3 Rh6 18. Qe1 Nf7 19. Nxf7 Rxf7 20. a3 Qg5 21. Qf2 a6 22. b4 e5 23. Rc5 e4 24. Bb1 Rd7 25. fxe4 fxe4 26. Qf8# 1-0

[Event "Split op 2nd"]
[Site "Split"]
[Date "2012.08.11"]
[Round "1"]
[White "Strobl, Helmut"]
[Black "Bombek, Peter"]
[Result "0-1"]
[WhiteElo "1822"]
[BlackElo "2246"]
[PlyCount "86"]
[EventDate "2012.08.11"]
[EventType "swiss"]
[EventRounds "9"]
[EventCountry "CRO"]
[SourceTitle "CBM 149 Extra"]
[Source "ChessBase"]
[SourceDate "2012.08.24"]
[SourceVersion "1"]
[SourceVersionDate "2012.08.24"]
[SourceQuality "1"]

1. d4 d5 2. Nf3 e6 3. Bf4 Nf6 4. Nbd2 Nbd7 5. e3 Be7 6. Bd3 b6 7. h3 Bb7 8. 0-0 0-0 9. c3 c5 10. Ne5 Nxe5 11. Bxe5 g6 12. Bf4 c4 13. Bc2 b5 14. Nf3 Ne4 15. Bh6 Re8 16. Ne5 f6 17. Nxg6 hxg6 18. Qg4 Kf7 19. f3 Rh8 20. fxe4 Rxh6 21. exd5 exd5 22. e4 dxe4 23. Bxe4 Bxe4 24. Qxe4 Rb8 25. Rae1 Qd6 26. Re3 Rhh8 27. Rfe1 Rbe8 28. Qb7 Rh5 29. Qxa7 Rd5 30. Qb7 Qd7 31. Qxd7 Rxd7 32. b3 Rc8 33. Kf1 Bd6 34. Rf3 Ra7 35. Re2 Rca8 36. bxc4 bxc4 37. Rb2 Rxa2 38. Rb7+ Ke6 39. Re3+ Kd5 40. Rf7 Ra1+ 41. Ke2 R8a2+ 42. Kf3 Rf1+ 43. Kg4 Rxg2+ 0-1